Beyond Transition (Record no. 84625)

MARC details
000 -LEADER
fixed length control field 01024nam a2200181 a 4500
008 - FIXED-LENGTH DATA ELEMENTS--GENERAL INFORMATION
fixed length control field 081014s2007 ||||||||||||||||| || u
050 ## - LIBRARY OF CONGRESS CALL NUMBER
Classification number IBRD(05)
110 ## - MAIN ENTRY--CORPORATE NAME
Corporate name or jurisdiction name as entry element World Bank
245 10 - TITLE STATEMENT
Title Beyond Transition
260 ## - PUBLICATION, DISTRIBUTION, ETC.
Place of publication, distribution, etc. Washington, D. C.
Name of publisher, distributor, etc. World Bank
Date of publication, distribution, etc. 2007
300 ## - PHYSICAL DESCRIPTION
Extent 32p. ill
350 ## -
-- 0.00
650 ## - SUBJECT ADDED ENTRY--TOPICAL TERM
Topical term or geographic name entry element REFORMING ECONOMIES
995 ## -
-- SPECIAL COLLECTIONS
-- 0.00
-- IBRD(05)BT/07
-- CBU-MAIN LIBRARY (Kitwe)
-- 1
-- 0.00
-- IBRD(05)BT/07
-- 1
-- AVAILABLE
-- Oct 14, 2008
-- Z03003031
-- International Publications
995 ## -
-- SPECIAL COLLECTIONS
-- 0.00
-- 03006212
-- CBU-MAIN LIBRARY (Kitwe)
-- 1
-- 0.00
-- IBRD(05)BT/2007/2A
-- 1
-- AVAILABLE
-- Apr 27, 2010
-- Z03006212
-- International Publications
995 ## -
-- SPECIAL COLLECTIONS
-- 0.00
-- IBRD(05)BT/07
-- CBU-MAIN LIBRARY (Kitwe)
-- 1
-- 0.00
-- IBRD(05)BT/07
-- 2
-- AVAILABLE
-- Oct 14, 2008
-- Z03003032
-- International Publications
995 ## -
-- SPECIAL COLLECTIONS
-- 0.00
-- 03006215
-- CBU-MAIN LIBRARY (Kitwe)
-- 1
-- 0.00
-- IBRD(05)BT/2007/2B
-- 2
-- AVAILABLE
-- Apr 27, 2010
-- Z03006215
-- International Publications
999 ## -
-- 84625
-- 84625

No items available.